书目信息 |
| 题名: |
PC游戏编程
|
|
| 作者: | 王鑫 , 罗金海 , 赵千里 编著 | |
| 分册: | 网络游戏篇 | |
| 出版信息: | 重庆 重庆大学出版社 2003.08 |
|
| 页数: | 256页 | |
| 开本: | 26cm | |
| 丛书名: | 《快乐写游戏 轻松学编程》丛书 | |
| 单 册: | ||
| 中图分类: | TP317 | |
| 科图分类: | ||
| 主题词: | 游戏--应用程序--程序设计 | |
| 电子资源: | ||
| ISBN: | 7-5624-2766-6 | |
| 000 | 01192nam 2200289 450 | |
| 001 | 0120046411 | |
| 005 | 20050831231607.60 | |
| 010 | @a7-5624-2766-6@dCNY36.50 (含光盘) | |
| 100 | @a20040302d2003 km y0chiy0120 ea | |
| 101 | 0 | @achi |
| 102 | @aCN@b510000 | |
| 105 | @aa z 000yy | |
| 200 | 1 | @aPC游戏编程@APC you xi bian cheng@i网络游戏篇@f王鑫, 罗金海, 赵千里编著@Fwang xin,luo jin hai,zhao qian li bian zhu |
| 210 | @a重庆@c重庆大学出版社@d2003.08 | |
| 215 | @a256页@c图@d26cm@e光盘1片 | |
| 225 | 2 | @a《快乐写游戏 轻松学编程》丛书 |
| 307 | @a光盘 ISBN : 7-89998-774-1 | |
| 330 | @a本书内容包括:网络游戏开发概述、网络通讯底层设计与实现、客户端中文输入法的处理、客户端界面系统之格式化文字显示、客户端数据资源的管理、客户端基于3D多边形的寻路系统、简繁体文字转换的处理、游戏服务器的架构和设计要点、嵌入式表达系统的设计与实现、回合制战. | |
| 410 | 0 | @12001 @a《快乐写游戏 轻松学编程》丛书 |
| 517 | 1 | @a网络游戏篇@AWang Luo You Xi Pian |
| 606 | 0 | @a游戏@x应用程序@x程序设计 |
| 690 | @aTP317@v4 | |
| 701 | 0 | @a王鑫@Awang xin@4编著 |
| 701 | 0 | @a罗金海@Aluo jin hai@4编著 |
| 701 | 0 | @a赵千里@Azhao qian li@4编著 |
| 801 | 0 | @aCN@bQSSK@c20050831 |
| 905 | @a10447@dTP317@eW405 | |
| PC游戏编程.网络游戏篇/王鑫, 罗金海, 赵千里编著.-重庆:重庆大学出版社,2003.08 |
| 256页:图;26cm+光盘1片.-(《快乐写游戏 轻松学编程》丛书) |
| ISBN 7-5624-2766-6:CNY36.50 (含光盘) |
| 本书内容包括:网络游戏开发概述、网络通讯底层设计与实现、客户端中文输入法的处理、客户端界面系统之格式化文字显示、客户端数据资源的管理、客户端基于3D多边形的寻路系统、简繁体文字转换的处理、游戏服务器的架构和设计要点、嵌入式表达系统的设计与实现、回合制战. |
| ● |
| 相关链接 |
|
|
|
正题名:PC游戏编程
索取号:TP317/W405
 
预约/预借
| 序号 | 登录号 | 条形码 | 馆藏地/架位号 | 状态 | 备注 |
| 1 | 566880 | 205668801 | 期刊室512/301自科库 53排2列1层/ [索取号:TP317/W405] | 在馆 | |
| 2 | 566881 | 205668810 | 期刊室512/301自科库 53排2列1层/ [索取号:TP317/W405] | 在馆 | |
| 3 | 566882 | 205668829 | 自科二线404/404自科库 12排3列4层/ [索取号:TP317/W405] | 在馆 |